Estudio de Pre factibilidad de una línea de producción de Mermelada de Tomate en Estelí, Nicaragua
La decisión del proyecto nace a partir de la necesidad de brindarle un mayor aprovechamiento a esta hortaliza (tomate), ya que cuando está en producción grandes cantidades de esta se pierden, debido a que no posee gran demanda por parte de los consumidores y es a través de la elaboración de la...
| Main Authors: | , , |
|---|---|
| Other Authors: | |
| Format: | Tesis Section = Libro |
| Language: | Undetermined Spanish |
| Published: |
Managua
UNI/RUACS
2013
|
| Subjects: |
| LEADER | 01507nam a2200301Ia 4500 | ||
|---|---|---|---|
| 008 | 240830s9999 xx 000 0 und d | ||
| 040 | |a BIBLIOTECA-RUPAP Mon 658.404 C212 | ||
| 041 | |a spa | ||
| 082 | |a Mon 658.404 C212 | ||
| 100 | 1 | |a Canales Gutiérrez, Cinthya Isabel | |
| 100 | 1 | |b Talavera López, Maribel del Carmen | |
| 100 | 1 | |c Pérez Rivera, Karla Vanesa | |
| 245 | 1 | 0 | |a Estudio de Pre factibilidad de una línea de producción de Mermelada de Tomate en Estelí, Nicaragua |
| 260 | |a Managua |b UNI/RUACS |c 2013 | ||
| 300 | |a 137 p. :il. | ||
| 500 | |a Contiene: anexos e Incluye: CD. | ||
| 502 | |a Tesis (Ingeniero Industrial)- UNI, 2013. | ||
| 520 | 3 | |a La decisión del proyecto nace a partir de la necesidad de brindarle un mayor aprovechamiento a esta hortaliza (tomate), ya que cuando está en producción grandes cantidades de esta se pierden, debido a que no posee gran demanda por parte de los consumidores y es a través de la elaboración de la mermelada, que se le ofrecerá a los interesados en adquirir este producto 100% natural, con el cual podrán obtener todos los beneficios que trae el consumir el tomate. | |
| 650 | 7 | |a ADMINISTRACION DE PROYECTOS - MERMELADA - TOMATES | |
| 650 | 7 | |b ANÁLISIS FINANCIERO | |
| 650 | 7 | |c CONSERVAS ALIMENTICIAS - COMERCIO | |
| 650 | 7 | |d ANÁLISIS DE MERCADO | |
| 650 | 7 | |e PRODUCCION - PLANEACION | |
| 650 | 7 | |f NUEVAS EMPRESAS | |
| 700 | 1 | |a Tutor: |b Pichardo Hernández, Claudio | |
| 942 | |c BK |2 ddc | ||
| 991 | |a TESIS | ||
| 999 | |c 17327 | ||